Muzakarah negara Islam
| Other Authors: | Amnah Khuzairi |
|---|---|
| Published: |
Kuala Lumpur:
Media Centre,
2004.
|
| Subjects: |
| LEADER | 00503cam a2200157 7i4500 | ||
|---|---|---|---|
| 001 | 0000049419 | ||
| 005 | 20200220090000.0 | ||
| 020 | |a 9830229237 (pbk.) | ||
| 090 | 0 | 0 | |a JC49 |b .M89 2004 |
| 245 | 0 | 0 | |a Muzakarah negara Islam |c penyusun Drs. Amnah Khuzairi. |
| 260 | |a Kuala Lumpur: |b Media Centre, |c 2004. | ||
| 300 | |a vii, 240 p.: |b ill.; |c 21 cm. | ||
| 500 | |a Gift: Zainol Ahmad Resource Center | ||
| 650 | 0 | 0 | |a Islam and state |
| 700 | 0 | |a Amnah Khuzairi | |
| 999 | |a 0000069294 |b BOK |c OPEN SHELF |e 1st Floor, Bestari Jaya | ||